Presentación en Barcelona de la película El Hombre que supo amar, patrocinada por la Diputación Provincial de Barcelona pro-albergue nocturno San Juan de Dios
Publicado:
San Jorge, núm. 100 (abril 1977), pàg 62 :
MARC
| LEADER | 00000nam a2200000Ia 4500 | ||
|---|---|---|---|
| 001 | |||
| 008 | 160829s9999 xx 000 0 cat d | ||
| 245 | |a Presentación en Barcelona de la película El Hombre que supo amar, patrocinada por la Diputación Provincial de Barcelona pro-albergue nocturno San Juan de Dios | ||
| 260 | |a San Jorge, núm. 100 (abril 1977), pàg 62 | ||
| 610 | 1 | 0 | |a Barcelona (Catalunya : Província). |b Diputació |9 52408 |
| 650 | |a Alberg San Juan De Dios |9 45930 | ||
| 650 | |a Picazo, Miguel |9 45931 | ||
| 650 | |a Cinematografia |x Finançament I |9 45932 | ||
| 901 | |a Arxiu | ||
| 942 | |n 1 | ||
| 952 | |0 0 |1 0 |4 0 |7 1 |9 52899 |a Arxiu |b Arxiu |d 2016-12-01 |l 0 |r 2016-12-01 00:00:00 |w 2016-12-01 |y ARXIU | ||
| 999 | |c 56748 |d 56748 | ||